'N' Blitz Quiz Stats

Quiz Updated Dec 1, 2016

Also try: 'O' Blitz
Challenge
Share
Tweet
Embed
Score 0/40 Timer 04:00
16 Plays Today
Category Answer % Correct
MonthNovember
99.6%
US stateNevada
97.3%
Facial featureNose
94.5%
PlanetNeptune
93.3%
Part of an atomNeutron
90.6%
Major US television networkNBC
88.7%
ElementNobelium
87.8%
RelativeNephew
87.7%
Branch of the militaryNavy
86.7%
African countryNamibia
82.3%
European countryNorway
82%
Part of speechNoun
81.9%
Game console (manufacturer)Nintendo
81.9%
Written prime number (1-100)Nineteen
81.5%
US PresidentNixon
80.8%
Atomic bombed cityNagasaki
78%
Roman EmperorNero
72.3%
Asian countryNepal
71.2%
'Big 4' sports leagueNFL
69.6%
Columbus' shipNiña
69.4%
Category Answer % Correct
Cloud typeNimbostratus
68%
Human body systemNervous
64.7%
Canadian provinceNova Scotia
63.9%
Oceania countryNew Zealand
63.8%
Twilight novelNew Moon
63.5%
SpiceNutmeg
62.9%
Simpson characterNed Flanders
60.8%
North American countryNicaragua
55.1%
Star Trek series (The ...)Next Generation
53.2%
US Open (Tennis) ChampionNadal
49.9%
Book of the BibleNumbers
49.2%
Type of energyNuclear
47.9%
Winter Olympic cityNagano
35.4%
MLB teamNationals
33.7%
World capital cityNairobi
33.1%
Premier League team (Ever)Newcastle United
32.7%
Harry Potter horcruxNagini
31.6%
US state capitalNashville
25.6%
Oscar Best PictureNo Country For Old Men
22%
Beatles songNowhere Man
20.1%

You're not logged in!

Compare scores with friends on all Sporcle quizzes.
Join for Free
OR
Log In

You Might Also Like...

Show Comments

Extras

Top Quizzes Today


Score Distribution

Your Account Isn't Verified!

In order to create a playlist on Sporcle, you need to verify the email address you used during registration. Go to your Sporcle Settings to finish the process.

Report this User

Report this user for behavior that violates our Community Guidelines.

Details: